Statistics for South American Countries with More Vowels than Consonants

Click here to take the quiz!

General Stats

  • This quiz has been taken 66 times
  • The average score is 6 of 6

Answer Stats

Country% Correct
Paraguay
95%
Uruguay
95%
Bolivia
93%
Venezuela
92%
Ecuador
89%
Guyana
89%

Score Distribution

Percentile by Number Answered

Percent of People with Each Score

Your Score History

You have not taken this quiz